| 000 | 00713nam a2200229Ia 4500 | ||
|---|---|---|---|
| 999 |
_c27490 _d27490 |
||
| 003 | GCL | ||
| 005 | 20240530101742.0 | ||
| 008 | 140319s9999 xx 000 0 ara d | ||
| 040 |
_aGCL / _cGCL |
||
| 082 | 0 | 4 |
_a189.1 _bف ك |
| 100 | 1 | _aمحسن مهدى | |
| 245 | 1 | 0 |
_aكتاب الملة ونصوص اخرى / _cمحسن مهدى |
| 260 |
_a[S.N] : _bدار المشرق |
||
| 300 | _a137 ص | ||
| 650 | 0 | 4 | _aالفلسفة الاسلامية |
| 650 | 0 | 4 | _aالفلسفة |
| 650 | 0 | 4 | _aالفلاسفة العرب |
| 650 | 0 | 4 | _aالفارابى |
| 650 | 0 | 4 | _aعلم الكلام |
| 700 | 1 | _aالفارابى : ابو نصر محمد بن محمد بن طرخان بن اوزلغ | |
| 942 |
_2ddc _cBK |
||